| 000 | 01980pam a2200385 a 4500 | ||
|---|---|---|---|
| 005 | 20260322212014.0 | ||
| 008 | data | ||
| 010 | _a 2011002830 | ||
| 016 | 7 |
_a015817179 _2Uk |
|
| 020 | _a9781609185046 (hardcover : alk. paper) | ||
| 020 | _a1609185048 (hardcover : alk. paper) | ||
| 020 | _a9781462503278 (electronic) | ||
| 040 |
_aDLC _cDLC _dUKMGB _dYDXCP _dVKC _dUKMGB |
||
| 041 | 0 | 9 | _aeng |
| 042 |
_anlmcopyc _anlmcopyc |
||
| 044 | _9United States | ||
| 050 | 0 | 0 |
_aRC489.C63 _bB43 2011 |
| 060 | 1 | 0 | _aWM 425.5.C6 |
| 082 | 0 | 0 |
_a616.89/1425 _222 |
| 096 | _aWM 425.5 .C6 B43 2011 | ||
| 100 | 1 | _aBeck, Judith S. | |
| 245 | 1 | 0 |
_aCognitive behavior therapy : _bbasics and beyond / _cJudith S. Beck & Judith S. Beck. |
| 250 | _a2nd ed. | ||
| 260 |
_aNew York : _bGuilford Press, _cc2011. |
||
| 300 |
_axix, 391 p. : _bill. ; _c24 cm. |
||
| 500 | _aRev. ed. of: Cognitive therapy. c1995. | ||
| 504 | _aIncludes bibliographical references and index. | ||
| 505 | 0 | _aIntroduction to cognitive therapy -- Overview of treatment -- Cognitive conceptualization -- The evaluation session -- Structure of the first therapy session -- Behavioral activation -- Session two and beyond -- Problems with structuring the therapy session -- Identifying automatic thoughts -- Identifying emotions -- Evaluating automatic thoughts -- Responding to automatic thoughts -- Identifying and modifying intermediate beliefs -- Core beliefs -- Additional cognitive and behavioral techniques -- Imagery -- Homework -- Termination and relapse prevention -- Treatment planning -- Problems in therapy -- Progressing as a cognitive therapist. | |
| 650 | 1 | 2 |
_aCognitive Therapy _xmethods |
| 650 | 2 | 2 |
_aMental Disorders _xtherapy |
| 700 | 1 |
_aBeck, Judith S. _tCognitive therapy. |
|
| 856 | 4 |
_uhttp://www.r2library.com/Resource/Title/1609185048 _yLink to book at Rittenhouse R2. |
|
| 994 |
_aCDN _b20111107 |
||
| 001 | data | ||
| 999 |
_c306 _d306 |
||